LIBRARY & INFORMATION CENTRE, KCAET, TAVANUR

ONLINE PUBLIC ACCESS CATALOGUE (OPAC)

Water Supply Engineering (Record no. 14142)

MARC details
000 -LEADER
fixed length control field 00392nam a22001457a 4500
020 ## - INTERNATIONAL STANDARD BOOK NUMBER
ISBN 9788174091203
082 ## - DEWEY DECIMAL CLASSIFICATION NUMBER
Classification number 628.01
Item number GAR/WA
100 ## - MAIN ENTRY--AUTHOR NAME
Personal name Garg, Santhosh Kumar
245 ## - TITLE STATEMENT
Title Water Supply Engineering
260 ## - PUBLICATION, DISTRIBUTION, ETC. (IMPRINT)
Place of publication New Delhi
Name of publisher Khanna Publishers
Year of publication 2013
300 ## - PHYSICAL DESCRIPTION
Number of Pages 1048
490 ## - SERIES STATEMENT
Series statement Environmental Engineering (Vol. 1)
650 ## - SUBJECT ADDED ENTRY--TOPICAL TERM
Topical Term Water supply Engineering
942 ## - ADDED ENTRY ELEMENTS (KOHA)
Koha item type Books

No items available.

free website counter